Magisterio posconciliar y matrimonio cristiano: a la luz del Evangelio y de la experiencia humana
Uloženo v:
| Hlavní autor: | |
|---|---|
| Médium: | Kniha |
| Jazyk: | španělština |
| Vydáno: |
Bogotá
San Pablo
2005
|
| Vydání: | 1a. ed |
| Edice: | Actualidades Teológicas
|
| Témata: | |
| Tagy: |
Přidat tag
Žádné tagy, Buďte první, kdo vytvoří štítek k tomuto záznamu!
|
MARC
| LEADER | 00000cam a2200000 a 4500 | ||
|---|---|---|---|
| 001 | UCF8914 | ||
| 003 | CL-VaPUC | ||
| 008 | 131011e20050000ck |||||||||||||||||spa|d | ||
| 020 | |a 9586071871 | ||
| 082 | 0 | 4 | |a 262.933 |b BOT |2 21 |
| 100 | |a Botero Giraldo, José Silvio |e author |9 571028 | ||
| 245 | 1 | 0 | |a Magisterio posconciliar y matrimonio cristiano: a la luz del Evangelio y de la experiencia humana |
| 250 | |a 1a. ed | ||
| 300 | |a 126 p | ||
| 942 | |c BK | ||
| 945 | |d 20131011 10:45:00 |a dcastane | ||
| 260 | |a Bogotá |b San Pablo |c 2005 | ||
| 650 | 0 | |a Matrimonio católico |9 475723 | |
| 650 | 7 | |a DERECHO CANONICO |2 CL-VaPUC |9 571029 | |
| 650 | 0 | |a Magisterio eclesiástico |9 313300 | |
| 583 | |a last modification |c 20131011 10:45:00 |k Rodrigo Vera | ||
| 490 | 0 | |a Actualidades Teológicas | |
| 999 | |c 353414 |d 353412 | ||
| 952 | |0 0 |1 0 |3 erb |4 0 |6 262_933000000000000_BOT_2005 |7 0 |8 A |9 458623 |a BIBTEO |b BIBTEO |d 2019-11-23 |i 5016568 |o 262.933 BOT 2005 |p 5016568 |r 2025-01-17 |w 2019-11-23 |y BK |z Catalogado en:20131011 |k ICR | ||